|
|
|
|
| LEADER |
01989nam a2200577 a 4500 |
| 001 |
nkc20142594958 |
| 003 |
CZ PrNK |
| 005 |
20141124070034.0 |
| 007 |
ta |
| 008 |
140616s2014 xr ach e 000 0ccze |
| 015 |
|
|
|a cnb002594958
|
| 020 |
|
|
|a 978-80-87567-44-9
|q (váz.)
|
| 035 |
|
|
|a (OCoLC)886605413
|
| 040 |
|
|
|a ABA001
|b cze
|
| 043 |
|
|
|a e-sp---
|
| 045 |
|
|
|a x3x3
|
| 072 |
|
7 |
|a 355/359
|x Vojenství. Obrana země. Ozbrojené síly
|2 Konspekt
|9 15
|
| 080 |
|
|
|a 355.48(460)"1936/1939"
|2 MRF
|
| 080 |
|
|
|a 358.4-051
|2 MRF
|
| 080 |
|
|
|a 355.311.6-051
|2 MRF
|
| 080 |
|
|
|a 355.311.6
|2 MRF
|
| 080 |
|
|
|a (460)
|2 MRF
|
| 080 |
|
|
|a (092)
|2 MRF
|
| 080 |
|
|
|a (048.8)
|2 MRF
|
| 100 |
1 |
|
|a Matyáš, Svatopluk
|7 mzk2007411191
|4 aut
|
| 245 |
1 |
0 |
|a Na křídlech Španělské republiky 1936-1939 /
|c Svatopluk Matyáš
|
| 250 |
|
|
|a Vyd. 1.
|
| 260 |
|
|
|a Cheb :
|b Svět křídel,
|c 2014
|
| 300 |
|
|
|a 207 s. :
|b il., portréty, faksim. ;
|c 25 cm
|
| 490 |
1 |
|
|a Svět křídel ;
|v 172
|
| 500 |
|
|
|a 800 výt.
|
| 504 |
|
|
|a Obsahuje bibliografii
|
| 648 |
|
7 |
|a 1936-1939
|7 ch500587
|2 czenas
|
| 650 |
0 |
7 |
|a španělská občanská válka (1936-1939)
|7 ph174207
|2 czenas
|
| 650 |
0 |
7 |
|a vojenští letci
|7 ph127212
|y 1936-1939
|2 czenas
|
| 650 |
0 |
7 |
|a interbrigadisté
|7 ph832290
|y 1936-1939
|2 czenas
|
| 650 |
0 |
7 |
|a interbrigády
|7 ph136906
|z Španělsko
|y 1936-1939
|2 czenas
|
| 650 |
0 |
9 |
|a Spanish civil war (1936-1939)
|2 eczenas
|
| 650 |
0 |
9 |
|a military air pilots
|y 1936-1939
|2 eczenas
|
| 650 |
0 |
9 |
|a international brigadiers
|y 1936-1939
|2 eczenas
|
| 650 |
0 |
9 |
|a international brigades
|z Spain
|y 1936-1939
|2 eczenas
|
| 655 |
|
7 |
|a biografie
|7 fd131909
|2 czenas
|
| 655 |
|
7 |
|a přehledy
|7 fd133202
|2 czenas
|
| 655 |
|
9 |
|a biography
|2 eczenas
|
| 655 |
|
9 |
|a surveys
|2 eczenas
|
| 830 |
|
0 |
|a Svět křídel
|0 s
|
| 910 |
2 |
|
|a BOA001
|b 2-1330.670
|
| 990 |
|
|
|a BK
|
| 995 |
|
|
|a 01
|
| 991 |
|
|
|b 201410
|c NOV
|e n
|
| 996 |
6 |
|
|b 2610604846
|c 2-1330.670
|l MZK
|r Sklad / do 1 hodiny
|n 0
|p p.v.
|w 001456425
|u 000010
|a 1
|e BOA001
|j MZK50
|s P
|